000 00762nam a2200265 a 4500
003 AR-BaBNM
005 20251128205646.0
008 082120s2002 ||||||||||||||000 | spa||
020 _a84-376-0245-9
040 _cAR-BaBNM
100 1 _aMarichal, Carlos
245 0 0 _aLa revolución liberal y los primeros partidos políticos en España
_b1834-1844
260 _aMadrid
_bEdiciones Cátedra
_c1980
300 _a334 p.
_btablas
500 _aContiene cuadros con estadísticas p. 319-325
504 _aBibliografía p. 327-334
650 4 _aOLIGARQUIA
650 4 _aARISTOCRACIA
650 4 _aMONARQUIA
653 _aREVOLUCIONES BURGUESAS
653 _aREVOLUCIONES EUROPEAS
653 _aHISTORIA ESPAÑOLA
942 _cBK
998 _cMariana
999 _c12276
_d12276